El materialismo dialéctico e histórico
Đã lưu trong:
| Định dạng: | Sách |
|---|---|
| Ngôn ngữ: | Undetermined |
| Được phát hành: |
Moscú, Rusia
Editorial Progreso
1976
|
| Những chủ đề: | |
| Các nhãn: |
Thêm thẻ
Không có thẻ, Là người đầu tiên thẻ bản ghi này!
|
MARC
| LEADER | 00000nam a2200000Ia 4500 | ||
|---|---|---|---|
| 008 | 170316s9999 xx 000 0 und d | ||
| 090 | |a 100 M-28.1m | ||
| 245 | |a El materialismo dialéctico e histórico | ||
| 260 | |a Moscú, Rusia | ||
| 260 | |b Editorial Progreso | ||
| 260 | |c 1976 | ||
| 300 | |a 549 páginas | ||
| 650 | |a FILOSOFÍA | ||
| 650 | |a FILOSOFÍA - PROBLEMA FUNDAMENTAL | ||
| 650 | |a REVOLUCIÓN EN FILOSOFÍA | ||
| 650 | |a ANTIGUOS FILÓSOFOS - LA MATERIA | ||
| 650 | |a MATERIA - MOVIMIENTO | ||
| 650 | |a ESPACIO - TIEMPO | ||
| 650 | |a CONCIENCIA | ||
| 650 | |a LEYES - DIALÉCTICA MATERIALISTA | ||
| 650 | |a DIALÉCTICA MATERIALISTA - CATEGORIAS | ||
| 999 | |c 16979 |d 16979 | ||
| 040 | |a cru BVZT | ||
| 942 | |c 15 D |h 100 M-28.1m |2 z | ||
